| 000 | 00898nas a2200301 4500 | ||
|---|---|---|---|
| 001 | BR2015001650 | ||
| 003 | BR-BrBNA | ||
| 005 | 20231205125213.0 | ||
| 007 | ta | ||
| 008 | 230509b bl.|||p| |||| 00| 00por d | ||
| 040 |
_aBR-BrBNA _bpor _cBiblioteca Nacional de Agricultura |
||
| 041 | _a(Pt) | ||
| 072 | _aL70; L50 | ||
| 100 | 1 | _aDi Filippo, P.A. | |
| 100 | 1 | _aGomes, F.R. | |
| 100 | 1 | _aMascarenhas, L. da.S. | |
| 100 | 1 | _aAlmeida, A.J. de. | |
| 100 | 1 | _aRodrigues, A.B.F. | |
| 245 | 1 | _aProteinograma sérico e do líquido peritoneal de equinos submetidos á orquiectomia | |
| 650 | _aEQUINO | ||
| 650 | _aORQUITE | ||
| 650 | _aBIOQUÍMICA ANIMAL | ||
| 650 | _aCASTRAÇÃO | ||
| 650 | _aELETROFORESE | ||
| 773 | 0 |
_tCiência Rural (Brazil) _xISSN 0103-8478 _g(Dec 2014), V. 44(12) p. 2221-2227 _wBR2015001650 |
|
| 909 |
_a202311 _bLúcia _c55 _dLúcia Elande |
||
| 942 |
_2AGRIS _n0 _cANA |
||
| 999 |
_c243194 _d243194 |
||